000 00641nab a2200193 4500
001 244442
003 OSt
005 20250331074603.0
007 tu
008 200917s2020|||||||
040 _aDE-2950
_cDE-2950
245 0 0 _aWird der Spielplatz auf der Oderinsel abgerissen?
_bNaherholungsgebiet. Für den Ziegenwerder liegen erste Pläne zur Neugestaltung vor. Bis 2028 soll die Insel umgestaltet werden/
_cLeonard Palm
264 _c2024
653 _aFrankfurt (Oder)
653 _aZiegenwerder
653 _aUmgestaltung
773 0 _g36. Jahrgang (2025) Nr. 69 vom 22.03.2025, S. 15 mit Foto
_tMärkische Oderzeitung
942 _2z
_cA
999 _c373663
_d373663